000 01630nam a2200193Ii 4500
008 221202s xx 000 0 und d
100 1 _aBalthaser, Benjamin,
_eauthor
245 0 _aAnti-Imperialist Modern
246 _aRace and Transnational Radical Culture from the Great Depression to the Cold War
264 _bUniversity of Michigan Press
_c2015
300 _a1 online resource
336 _atext
_btxt
_2rdacontent
337 _acomputer
_bc
_2rdamedia
338 _aonline resource
_bcr
_2rdacarrier
520 _aAnti-Imperialist Modernism excavates how U.S. cross-border, multi-ethnic anti-imperialist movements at mid-century shaped what we understand as cultural modernism and the historical period of the Great Depression. The book demonstrates how U.S. multiethnic cultural movements, located in political parties, small journals, labor unions, and struggles for racial liberation, helped construct a common sense of international solidarity that critiqued ideas of nationalism and essentialized racial identity. The book thus moves beyond accounts that have tended to view the prewar "Popular Front" through tropes of national belonging or an abandonment of the cosmopolitanism of previous decades. Impressive archival research brings to light the ways in which a transnational vision of modernism and modernity was fashioned through anticolonial networks of North/South solidarity.
653 _aBiography & Autobiography
856 _uhttps://docs.google.com/spreadsheets/d/1yKIrdCPDAG_9c22mwoOIO2DOhtj65Wqa/edit?usp=sharing&ouid=106555315294820607512&rtpof=true&sd=true
_yList of Curated E-Books
942 _cE-BOOK
999 _c91712
_d91709